Countries By 3 Clues #2 - Statistics

General Stats
  • This quiz has been taken 43 times
  • The average score is 13 of 15
Answer Stats
3 Clues Countries % Correct
Gangnam Style, Samsung, Kimchi South Korea
97%
Oxford, Cardiff, River Severn United Kingdom
97%
Siesta, Pablo Picasso, Gran Canaria Spain
95%
Siam, Mekong, Phuket Thailand
95%
Persian, Shia, Shah Iran
92%
Mount Vesuvius, Lira, Remus Italy
92%
Normandy, Gaul, Marianne France
89%
Lufthansa, Danube, Autobahn Germany
89%
Vuvuzela, Rand, Xhosa South Africa
89%
Ottoman Empire, Kurds, Mount Ararat Turkey
89%
Shakira, Simón Bolívar, Gabriel García Márquez Colombia
84%
Burma, Yangon, Rangoon Myanmar
79%
Barack Obama, Shilling, Mombasa Kenya
71%
Zanzibar, Hakuna Matata, Dodoma Tanzania
71%
Idi Amin, Kampala, Lake Victoria Uganda
68%
No matching quizzes found
Score Distribution
Percent of People with Each Score
Percentile by Number Answered
Your Score History
You have not taken this quiz